Prince Awrangzib : (Record no. 25112)
[ view plain ]
| 000 -LEADER | |
|---|---|
| fixed length control field | 00909cam a22002891 4500 |
| 001 - CONTROL NUMBER | |
| control field | 6577879 |
| 003 - CONTROL NUMBER IDENTIFIER | |
| control field | BDDh-ASL |
| 005 - DATE AND TIME OF LATEST TRANSACTION | |
| control field | 20231015030440.0 |
| 008 - FIXED-LENGTH DATA ELEMENTS--GENERAL INFORMATION | |
| fixed length control field | 801020s1962 pk b 000 0beng |
| 010 ## - LIBRARY OF CONGRESS CONTROL NUMBER | |
| LC control number | sa 64001445 |
| 025 ## - OVERSEAS ACQUISITION NUMBER | |
| Overseas acquisition number | PL480:P-E-315 |
| 035 ## - SYSTEM CONTROL NUMBER | |
| System control number | (OCoLC)6842509 |
| 040 ## - CATALOGING SOURCE | |
| Original cataloging agency | DLC |
| Transcribing agency | NIC |
| Modifying agency | DLC |
| -- | BDDh-ASL |
| 042 ## - AUTHENTICATION CODE | |
| Authentication code | premarc |
| 050 00 - LIBRARY OF CONGRESS CALL NUMBER | |
| Classification number | DS461.7 |
| Item number | .H34 |
| 082 ## - DEWEY DECIMAL CLASSIFICATION NUMBER | |
| Classification number | 954 |
| Item number | HAP |
| 100 1# - MAIN ENTRY--PERSONAL NAME | |
| Personal name | Haq, S. Moinul |
| Fuller form of name | (Syed Moinul), |
| Dates associated with a name | 1901- |
| 245 00 - TITLE STATEMENT | |
| Title | Prince Awrangzib : |
| Remainder of title | a study / |
| 260 ## - PUBLICATION, DISTRIBUTION, ETC. | |
| Place of publication, distribution, etc. | Karachi : |
| Name of publisher, distributor, etc. | Pakistan Historical Society, |
| Date of publication, distribution, etc. | 1962. |
| 300 ## - PHYSICAL DESCRIPTION | |
| Extent | ix, 79 p. : |
| Dimensions | 25 cm. |
| 490 1# - SERIES STATEMENT | |
| Series statement | Pakistan Historical Society. Publication, |
| Volume/sequential designation | no. 32 |
| 504 ## - BIBLIOGRAPHY, ETC. NOTE | |
| Bibliography, etc. note | Bibliographical footnotes. |
| 600 00 - SUBJECT ADDED ENTRY--PERSONAL NAME | |
| Personal name | Aurangzeb, |
| Titles and other words associated with a name | Emperor of Hindustan, |
| Dates associated with a name | 1618-1707. |
| 830 #0 - SERIES ADDED ENTRY--UNIFORM TITLE | |
| Uniform title | Pakistan Historical Society publication ; |
| Volume/sequential designation | no. 32. |
| 906 ## - LOCAL DATA ELEMENT F, LDF (RLIN) | |
| a | 7 |
| b | cbc |
| c | oclcrpl |
| d | u |
| e | ncip |
| f | 19 |
| g | y-gencatlg |
| 942 ## - ADDED ENTRY ELEMENTS (KOHA) | |
| Source of classification or shelving scheme | Dewey Decimal Classification |
| Koha item type | Books |
| Withdrawn status | Lost status | Source of classification or shelving scheme | Damaged status | Not for loan | Collection code | Home library | Current library | Shelving location | Date acquired | Source of acquisition | Total Checkouts | Full call number | Barcode | Date last seen | Copy number | Price effective from | Koha item type |
|---|---|---|---|---|---|---|---|---|---|---|---|---|---|---|---|---|---|
| Dewey Decimal Classification | Non-fiction | Asiatic Society Library | Asiatic Society Library | General Stacks | 06/21/2021 | Complimentary | 954 HAP | 109808 | 06/21/2021 | C-1 | 06/21/2021 | Books |